000 00663nam a22001697a 4500
005 20120507130215.0
020 _a8176292680
_c00.00
035 _aB-31653
037 _aDPL
_bENG
245 _aExchange rate behaviour in developing countries /
_cedited by Alak Ghosh and Rakesh Raman
260 _aNew Delhi
_bDeep and Deep Publications
_c2000
300 _axxv, 350p.
_c20 cms.
700 _aGhosh, Alak
_946553
700 _aRaman, Rakesh
_946554
942 _2ddc
_cEN
_h332.456
_mEXC
999 _c66291
_d66291